00837nam a22001697a 4500003000900000008004100009040007100050082001500121100002100136245009700157260003800254300003000292505027700322650003100599650001500630650002200645AR-CdUCM190319b ||||| |||| 00| 0 spa d aMUNICIPALIDAD PROVINCIAL DEL CUSCOcBIBLIOTECA MUNICIPAL DEL CUSCO a603 /bG28 aGatland, Kenneth aEnciclopedia ilustrada de la exploracion del espacio :bHistoria de la Tecnologia Espacial / aEspaña :bQuarto, S.A. ,c1984. a297 páginas ;c30.3 cm. aContenido : 1.- Los Precursores del Espacio 2.- El hombre franquea las fronteras del espacio 3.- Los centros espaciales 4.-El hombre en el espacio 5.- Utilizacion militar del espacio 6.- Voces que vienen del cielo 7.- La metereologia 8 .- Observacion del planeta tierra... aEnciclopedias Tecnologicas aAstrologia aViajes Espaciales